000 01433nam a2200373 i 4500
001 13570
003 KOSZ 005
005 20190723125630.0
008 190622s1971 pl a f 000 0 pol
015 _aPB 1971/5751
035 _a(OCoLC)838989912
040 _aWA N
_cWA N
_dKOSZ 005/KK
_dKOSZ 005/RW
041 1 _apol
_hrus
046 _k1969
080 _a658.01
100 1 _aSluckij, Georgij Vâčeslavovič.
_eAutor
245 1 0 _aMetodologiczne zagadnienia naukowej organizacji pracy w przedsiębiorstwie /
_cG. Słucki ; [tłumaczenie Marek Sitkowski].
246 1 _iTytuł oryginału:
_aMetodičeskie voprosy naučnoj organizacii truda na mašinostroitel'nom predprijatii.
260 _aWarszawa :
_bPaństwowe Wydawnictwo Naukowe,
_c1971.
300 _a181, [2] stron :
_bilustracje ;
_c18 cm.
336 _aTekst
_btxt
_2rdacontent
337 _aBez urządzenia pośredniczącego
_bn
_2rdamedia
338 _aWolumin
_bnc
_2rdacarrier
380 _aKsiążki.
388 _a1901-2000
504 _aBibliografia na stronach 181-[182].
658 _aGospodarka, ekonomia, finanse
658 _aZarządzanie i marketing
650 4 _aPrzedsiębiorstwo
700 1 _aSitkowski, Marek.
_eTłumacz
710 2 _aPaństwowe Wydawnictwo Naukowe
_4pbl
856 _uhttp://koha.tu.koszalin.pl/cgi-bin/koha/opac-detail.pl?biblionumber=13570
_yKatalog online BPK
942 _2UKD
_cKS
999 _c13570
_d13570